[Event "Gran Canaria CupT"]
[Site "Gran Canaria"]
[Date "2011.06.04"]
[Round "6.4"]
[White "Gutierrez Olivares, Daniel"]
[Black "Garcia Rodriguez, Antonio Manuel"]
[Result "1-0"]
[WhiteElo "2228"]
[BlackElo "1995"]
[PlyCount "49"]
[EventDate "2011.06.02"]
[EventType "team-tourn"]
[EventRounds "7"]
[EventCountry "ESP"]
[SourceTitle "CBM 142 Extra"]
[Source "ChessBase"]
[SourceDate "2011.06.27"]
[SourceVersion "1"]
[SourceVersionDate "2011.06.27"]
[SourceQuality "1"]
[WhiteTeam "Victoria"]
[BlackTeam "La Palma CajaCanarias"]
[WhiteTeamCountry "ESP"]
[BlackTeamCountry "ESP"]

1. e4 e6 2. Nf3 d5 3. Nc3 dxe4 4. Nxe4 Be7 5. d4 Nd7 6. Bd3 Ngf6 7. Ng3 0-0 8. Bg5 c5 9. Qe2 cxd4 10. 0-0-0 Qa5 11. Kb1 Nc5 12. h4 Nxd3 13. Rxd3 Bd7 14. Nxd4 Bb5 15. Qe5 a6 16. Nh5 Nxh5 17. Bxe7 Rfe8 18. Qxh5 Rxe7 19. c4 Rd7 20. cxb5 Rad8 21. Nb3 Qb4 22. Rxd7 Qe4+ 23. Ka1 Rxd7 24. Rc1 Rd8 25. b6 1-0

[Event "La Laguna op 1st"]
[Site "La Laguna"]
[Date "2007.03.10"]
[Round "7"]
[White "Garcia Rodriguez, Antonio Manuel"]
[Black "Rivas Crespo, Alexander"]
[Result "1/2-1/2"]
[WhiteElo "2034"]
[BlackElo "1769"]
[PlyCount "86"]
[EventDate "2007.03.05"]
[EventType "swiss"]
[EventRounds "9"]
[EventCountry "ESP"]
[SourceTitle "CBM 117 Extra"]
[Source "ChessBase"]
[SourceDate "2007.05.09"]
[SourceVersion "1"]
[SourceVersionDate "2007.05.09"]
[SourceQuality "1"]

1. e4 c5 2. Nc3 e6 3. g3 g6 4. Bg2 Bg7 5. d3 Nc6 6. Be3 d6 7. Qd2 Nge7 8. Bh6 0-0 9. Bxg7 Kxg7 10. Nge2 f5 11. 0-0 e5 12. exf5 Bxf5 13. Nd1 Qd7 14. c3 Bh3 15. d4 Bxg2 16. Kxg2 c4 17. d5 Na5 18. f4 Qf5 19. Nf2 b5 20. Rae1 Qf7 21. Rd1 Rad8 22. Ne4 Qf5 23. Ng5 Qd3 24. Ne6+ Kg8 25. Qxd3 cxd3 26. Rxd3 Nc4 27. b3 e4 28. Rd4 Ne3+ 29. Kg1 Nxf1 30. Kxf1 Nf5 31. Rd2 Rde8 32. Nxf8 Kxf8 33. Nd4 e3 34. Re2 Nxd4 35. cxd4 Re4 36. Rc2 Rxd4 37. Rc8+ Kf7 38. Rc7+ Kf6 39. Rxa7 Rxd5 40. Ke2 Rd2+ 41. Kxe3 Rxh2 42. a4 Rg2 43. Kf3 Rc2 1/2-1/2